Institución, familia y enfermedad mental : (Record no. 168410)

MARC details
000 -CABECERA
campo de control de longitud fija 00723nam a2200217 u 4500
005 - FECHA Y HORA DE LA ÚLTIMA TRANSACCIÓN
campo de control 20251104063907.0
008 - ELEMENTOS DE LONGITUD FIJA--INFORMACIÓN GENERAL
campo de control de longitud fija 140312s2010 r 000 0 eng d
020 ## - NÚMERO INTERNACIONAL NORMALIZADO PARA LIBROS
Número Internacional Estándar del Libro 9786077700449
035 ## - NÚMERO DE CONTROL DEL SISTEMA
Número de control de sistema UPN01000196309
049 ## - COLECCIÓN
Colección CG
050 #4 - SIGNATURA TOPOGRÁFICA DE LA BIBLIOTECA DEL CONGRESO
Número de clasificación RC454
Número de documento/Ítem I5.7
245 00 - MENCIÓN DE TÍTULO
Título Institución, familia y enfermedad mental :
Resto del título reflexiones socioantropológicas desde un hospital psiquiátrico /
Mención de responsabilidad, etc. coord. Víctor A. Payá.
260 ## - PUBLICACIÓN, DISTRIBUCIÓN, ETC.
Lugar de publicación, distribución, etc. México :
Nombre del editor, distribuidor, etc. Juan Pablos :
-- UNAM,
Fecha de publicación, distribución, etc. c2010.
300 ## - DESCRIPCIÓN FÍSICA
Extensión 272 p.
650 #2 - ASIENTO SECUNDARIO DE MATERIA - TERMINO TEMATICO
Término de materia o nombre geográfico como elemento de entrada Enfermedades mentales
9 (RLIN) 12828
650 #4 - ASIENTO SECUNDARIO DE MATERIA - TERMINO TEMATICO
Término de materia o nombre geográfico como elemento de entrada PSIQUIATRIA -
Subdivisión general CASOS, INFORMES CLINICOS, ESTADISTICA
9 (RLIN) 8372
650 #2 - ASIENTO SECUNDARIO DE MATERIA - TERMINO TEMATICO
Término de materia o nombre geográfico como elemento de entrada Etnología
9 (RLIN) 4794
700 1# - ASIENTO SECUNDARIO--NOMBRE DE PERSONAL
Nombre de persona Payá A., Victor,
Término indicativo de función/relación coord.
905 ## - TIPO DE MATERIAL
Tipo de material Libro
Holdings
Estado de retiro Estado de pérdida Fuente del sistema de clasificación o colocación Estado dañado No para préstamo Código de colección Localización permanente Ubicación/localización actual Ubicación en estantería Total de préstamos Clasificación Código de barras Fecha visto por última vez Número de copia Tipo de ítem Koha
    Library of Congress Classification     Colección General Bib. Gregorio Torres Quintero Bib. Gregorio Torres Quintero Planta baja 2 RC454 I5.7 295176 31/12/2020 1 Libro